000 00314nam a2200133Ia 4500
005 20260328101516.0
008 260328s9999||||xx |||||||||||||| ||und||
100 _aLaborit, Henri
245 0 _aL'Homme et la ville /
_cHenri Laborit
260 _bFlammarion
300 _a215 p.
650 _aURBANISMO
942 _cBK
999 _c9395
_d9395